Normal view
MARC view
- Giraud-Audine Christophe
Entry Corporate Name
001 - CONTROL NUMBER
- control field: 98782
003 - CONTROL NUMBER IDENTIFIER
- control field: NUST
005 - DATE AND TIME OF LATEST TRANSACTION
- control field: 20220905133051.0
008 - FIXED-LENGTH DATA ELEMENTS
- fixed length control field: 220905|| aca||aabn | a|a d
040 ## - CATALOGING SOURCE
- Original cataloging agency: NUST
- Transcribing agency: NUST
110 ## - HEADING--CORPORATE NAME
- Corporate name or jurisdiction name as entry element: Giraud-Audine Christophe
670 ## - SOURCE DATA FOUND
- Source citation: Work cat.: (NUST): Giraud, Frédéric 98781, Piezoelectric Actuators : Vector Control Method : Basic, Modeling and Mechatronic Design of Ultrasonic Devices, 2019.
